La animación sociocultural: una propuesta metodológica /
Guardat en:
| Autor principal: | |
|---|---|
| Altres autors: | , |
| Format: | Llibre |
| Idioma: | Spanish |
| Publicat: |
España :
Editorial Popular,
2001
|
| Edició: | 8 edición |
| Matèries: | |
| Etiquetes: |
Afegir etiqueta
Sense etiquetes, Sigues el primer a etiquetar aquest registre!
|
MARC
| LEADER | 00000nam a2200000Ia 4500 | ||
|---|---|---|---|
| 008 | 150924b2001 sp ||||| |||| 00| | spa d | ||
| 020 | |a 8478841636 | ||
| 090 | |a 06.01.01 |b 1994 | ||
| 100 | 1 | |a Cembranos, Fernando |9 1075 | |
| 245 | 1 | 3 | |a La animación sociocultural: una propuesta metodológica / |c Fernando Cembranos; David H. Montesinos y María Bustelo |
| 250 | |a 8 edición | ||
| 260 | |a España : |b Editorial Popular, |c 2001 | ||
| 300 | |a 240 páginas | ||
| 650 | 1 | 4 | |a SOCIOLOGÍA DE LA EDUCACIÓN |9 947 |
| 650 | 1 | 4 | |a SOCIEDAD |9 396 |
| 650 | 1 | 4 | |a CULTURA |9 378 |
| 650 | 1 | 4 | |a METODOLOGÍA |9 285 |
| 700 | 1 | |a Montesinos, David H. |9 1076 | |
| 700 | 1 | |a Bustelo, María |9 1077 | |
| 942 | |i 002330 |h 06.01.01 1994 |2 z |c 01 | ||
| 999 | |c 278 |d 278 | ||



